|
|
|
|
| LEADER |
00000ckm a2200000 a 4500 |
| 001 |
vtls008701458 |
| 003 |
SK-MaSNL |
| 005 |
20260301205524.0 |
| 007 |
kf ao |
| 008 |
231121q1920 xo g kuslo |
| 015 |
|
|
|a SNBG
|
| 035 |
|
|
|a urn:nbn:sk:snk-km00fata
|
| 035 |
|
|
|a urn:nbn:sk:snk-km45uy6
|
| 035 |
|
|
|a 6C076B1D-FD5E-4A05-9C2E-64D4F4F32C7E
|
| 040 |
|
|
|a SNK
|b slo
|c SNK
|e AACR2
|
| 041 |
0 |
|
|a slo
|
| 043 |
|
|
|a e-xo---
|
| 044 |
|
|
|a xo
|c SK
|
| 072 |
|
7 |
|a 913
|x Regionálna geografia
|2 konspekt
|
| 080 |
|
|
|a 913(437.6)
|2 2011
|
| 080 |
|
|
|a 908(437.6)
|2 2011
|
| 080 |
|
|
|a 728.82
|2 2011
|
| 080 |
|
|
|a 721
|2 2011
|
| 080 |
|
|
|a 712.5
|2 2001
|
| 080 |
|
|
|a 904(084.121)
|2 2011
|
| 080 |
|
|
|a 712.253
|2 2011
|
| 080 |
|
|
|a 556.55
|2 2011
|
| 110 |
2 |
|
|a Foto Richter (Žarnovica, Slovensko)
|4 aut
|9 591753
|
| 245 |
1 |
0 |
|a Hronský Sv. Križ
|h grafika
|b hrad : bisk. panstvo
|c Foto Richter, Žarnovica
|
| 260 |
|
|
|a Sv. Križ
|b Potravné družstvo
|c [medzi 1920 a 1927?]
|
| 300 |
|
|
|a 1 pohľadnica (4 čiastkové pohľady)
|b tónovaná do zelena
|c 9 x 14 cm
|
| 500 |
|
|
|a Názvové údaje prevzaté z obrazovej časti dokumentu
|
| 520 |
8 |
|
|a Zobrazenie: Na bielom podklade, v zelenom orámovaní jeden pohľad na kaštiel, jeden pohľad na budovu, vedľa ktorej vľavo sa nad stromami čneje veža kaštieľa, jeden pohľad na park a jeden pohľad na jazero
|
| 650 |
0 |
7 |
|a kultúrne pamiatky
|2 SNKPH
|9 2862
|
| 650 |
0 |
7 |
|a budovy
|2 SNKPH
|9 1283
|
| 650 |
0 |
7 |
|a kaštiele
|2 SNKPH
|9 28599
|
| 650 |
0 |
7 |
|a jazerá
|2 SNKPH
|9 19987
|
| 650 |
0 |
7 |
|a parky
|2 SNKPH
|9 2942
|
| 651 |
|
7 |
|a Žiar nad Hronom (Slovensko)
|2 SNKPHgeo
|9 24090
|
| 655 |
|
7 |
|a miestne pohľadnice
|2 SNKPH
|9 70510
|
| 655 |
|
7 |
|a geografické pohľadnice
|2 SNKPH
|9 70522
|
| 655 |
|
7 |
|a pohľadnice kultúrnych pamiatok
|2 SNKPH
|9 70523
|
| 752 |
|
|
|a Slovensko
|d Žiar nad Hronom
|
| 852 |
|
|
|a Slovenská národná knižnica
|
| 958 |
|
|
|a GBN
|
| 958 |
|
|
|a GC
|
| 958 |
|
|
|a OND
|
| 958 |
|
|
|a EUIPO
|
| 999 |
|
|
|c 910449
|d 912379
|
| 952 |
|
|
|a SNK
|b SNK
|y PREZ
|7 0
|p 17A0507539
|o snkSP 114084
|0 0
|1 0
|4 0
|d 2006-05-17
|f 1
|l 0
|r 2026-02-24 07:41:46
|w 2026-02-24
|